000 00323nam a2200133Ia 4500
008 150201s2009 xx 000 0 und d
082 _a617.3
_bO09D
100 _aDANDY,DAVID J
245 _aESSENTIAL ORTHOPAEDICS AND TRAUMA
250 _a5TH
260 _bELSEVIER
_aDELHI
_c2009
650 _aORTHOPAEDICS
942 _2ddc
_cBK
999 _c693
_d693